00484nam a2200193Ia 4500008004100000020001800041050001400059100001900073245002100092245005500113260001500168260001600183260000900199300001500208300002700223300001100250440002100261500000800282170918s9999 xx 000 0 und d a9780516268309 bR683 2004 aRockliff, Mara aNext to an ant / cMara Rockliff ; illustrated by Pascale Constantin. aNew York : bScholastic, c2004 a23 pages : bcolored illustration ; c18cm.  aA rookie reader. a250